| 000 | 00737nam a2200205 i 4500 | ||
|---|---|---|---|
| 001 | 144049 | ||
| 003 | ES-MaACL | ||
| 005 | 20231227173105.0 | ||
| 007 | t| | ||
| 008 | 070214s1964 sp r ||||1| spa d | ||
| 100 | 1 |
_aSimonds, Herbert R. _9106561 |
|
| 245 | 1 | 0 |
_aExtrusión de plásticos, gomas y metales / _cpor Herbert R. Simonds ; versión española de Ricardo de la Cierva y de Hoces, César P. Prieto. |
| 260 |
_aMadrid : _bRiver, _c1964 ( _fCanales) |
||
| 300 |
_a428 p. : _bil. ; _c22 cm + _e1 grab. pleg. |
||
| 650 | 4 |
_aPlásticos- _xExtrusión. _9156870 |
|
| 700 | 1 |
_aCierva, Ricardo de la, _d1926-2015 _938790 |
|
| 700 | 1 |
_aPérez Prieto, César. _991095 |
|
| 852 |
_aES-MaACL _jC-26544 _bR.55593 |
||
| 999 |
_c144049 _d144049 |
||